Reflexiones sobre la "conciliación" como modo de resolver los litigios laborales (Registro nro. 29819)
[ vista simple ]
| 000 -LEADER | |
|---|---|
| fixed length control field | 00397 a2200121 4500 |
| 001 - CONTROL NUMBER | |
| control field | ART_50129 |
| 005 - DATE AND TIME OF LATEST TRANSACTION | |
| control field | 20260410161945.0 |
| 008 - FIXED-LENGTH DATA ELEMENTS--GENERAL INFORMATION | |
| fixed length control field | 260409a |
| 100 1# - MAIN ENTRY--PERSONAL NAME | |
| Personal name | Fera, Mario S. |
| 245 10 - TITLE STATEMENT | |
| Title | Reflexiones sobre la "conciliación" como modo de resolver los litigios laborales |
| 700 1# - ADDED ENTRY--PERSONAL NAME | |
| Personal name | Couceyro, Karina V. |
| 773 0# - HOST ITEM ENTRY | |
| Title | Temas de derecho laboral |
| Related parts | - N° 11 (nov. 2019) |
| Record control number | REV27619 |
No hay ítems disponibles.